Az emMorph morfológiai elemző annotációs formalizmusa
A morfológiai elemző – lévén minden nyelvfeldolgozási lánc kezdeti lépése – a nyelvtechnológiai alkalmazásokban kiemelkedő szerepű. A kimenet értelmezése szempontjából rendkívül fontos a morfológiai elemzés kimenetének egységesítése. Cikkünkben az emMorph morfológiai elemzőrendszer és az emLem lemma...
Elmentve itt :
| Szerzők: | |
|---|---|
| Testületi szerző: | |
| Dokumentumtípus: | Könyv része |
| Megjelent: |
2017
|
| Sorozat: | Magyar Számítógépes Nyelvészeti Konferencia
13 |
| Kulcsszavak: | Nyelvészet - számítógép alkalmazása |
| Online Access: | http://acta.bibl.u-szeged.hu/58998 |
| LEADER | 01325naa a2200229 i 4500 | ||
|---|---|---|---|
| 001 | acta58998 | ||
| 005 | 20260224081030.0 | ||
| 008 | 190701s2017 hu o 100 hun d | ||
| 020 | |a 978-963-306-518-1 | ||
| 040 | |a SZTE Egyetemi Kiadványok Repozitórium |b hun | ||
| 041 | |a hun | ||
| 100 | 1 | |a Novák Attila | |
| 245 | 1 | 3 | |a Az emMorph morfológiai elemző annotációs formalizmusa |h [elektronikus dokumentum] / |c Novák Attila |
| 260 | |c 2017 | ||
| 300 | |a 70-78 | ||
| 490 | 0 | |a Magyar Számítógépes Nyelvészeti Konferencia |v 13 | |
| 520 | 3 | |a A morfológiai elemző – lévén minden nyelvfeldolgozási lánc kezdeti lépése – a nyelvtechnológiai alkalmazásokban kiemelkedő szerepű. A kimenet értelmezése szempontjából rendkívül fontos a morfológiai elemzés kimenetének egységesítése. Cikkünkben az emMorph morfológiai elemzőrendszer és az emLem lemmatizáló implementációjának ismertetése után bemutatjuk ezen eszközök kimeneti formalizmusát, különös tekintettel a morfológiai címkékre. | |
| 695 | |a Nyelvészet - számítógép alkalmazása | ||
| 700 | 0 | 1 | |a Rebrus Péter |e aut |
| 700 | 0 | 1 | |a Ludányi Zsófia |e aut |
| 710 | |a Magyar Számítógépes Nyelvészeti Konferencia (13.) (2017) (Szeged) | ||
| 856 | 4 | 0 | |u http://acta.bibl.u-szeged.hu/58998/1/msznykonf_013_070-078.pdf |z Dokumentum-elérés |